MDQL
is popping MORE tags! Check the
thread
!
Quizzes
Events
Quiz Creation
Community
Videos
Private Events
Remove Ads
Sign In
Join for FREE
Feedback
Dark Mode
Quiz Categories
Sports
Geography
Music
Movies
Television
Just For Fun
Miscellaneous
History
Literature
Language
Science
Gaming
Entertainment
Religion
Holiday
For Kids
Quiz Lab
Recent
Popular Today
Quiz Kudos Today
Editor Picks
Curator Picks
Quizzes by...
Day
Popularity
Type
Ratings
Length
Year
Community
Subscriptions
Recent Discussions
Orange Saloon
Badges
Playlists
Quests
Create
Leaderboards
Showdown
Live 5
Trivia Bingo
Activity
Puzzle Library
Sporcle Events
Private Events
Virtual Trivia
Globe League
Become a Host
Pub Owners
SporcleCon
Opinionation
Our Games
Videos
Blog
Mobile Apps
Partnerships
Remove Ads and Go Orange
Feedback
Movies
Disney
Marvel Cinematic Universe
Movie Resume
Movie Titles
Oscar
Actor
Actress
Director
Pixar
Role
Movie Quotes
Movie Characters
Box Office
Nominee
Best Picture
Star Wars
James Bond
Horror Movies
Movies
Disney
Marvel Cinematic Universe
Movie Resume
Movie Titles
Oscar
Actor
Actress
Director
Pixar
Role
Movie Quotes
Movie Characters
Box Office
Nominee
Best Picture
Star Wars
James Bond
Horror Movies
Random Quiz
Search Sporcle
×
Quiz Lab
Quiz Lab
Movies
Oscar
Select answers by clicking on text or image buttons
Select answers by clicking on text or image buttons
Clickable
Best Score? Go Orange.
Best Actress Characters (clickable) Stats
Can you pick the characters these actresses played to win the Best Actress Oscar?
By
DanTravers
15m
89 Questions
250 Plays
250 Plays
250 Plays
Comments
Comments
Give Quiz Kudos
Give Quiz Kudos
-
- Ratings
hide this ad
Forced Order
Answers have to be entered in order
Answers have to be entered in order
Replay
Link that replays current quiz
Next Quiz
Link to next quiz in quiz playlist
You Got
0%
They Got
Avg Score
59%
Avg Friend Score
Upgrade to see
Score Distribution
Jump to the score distribution portion of the page
Score
0/89
Timer
15:00
0
Plays Today
% Correct
Mary Poppins
91.6%
Nurse Mildred Ratched
91.6%
Erin Brockovich
91.2%
Scarlett O'Hara
90.8%
Clarice Starling
90.8%
Mildred Pierce
90.4%
Queen Elizabeth II
90.4%
Margaret Thatcher
90.4%
Annie Hall
90%
Sophie Zawistowski
89.6%
Daisy Werthan
89.6%
Jean Brodie
89.2%
Norma Rae Webster
89.2%
June Carter Cash
89.2%
Annie Wilkes
86.8%
Virginia Woolf
86.4%
Aileen Wuornos
86.4%
Eve White| Eve Black| Jane
86%
Edith Piaf
86%
Blanche DuBois
85.6%
Loretta Lynn
84.8%
Marge Gunderson
84.8%
Brandon Teena| Teena Brandon
84.4%
Bernadette Soubirous
83.6%
Kitty Foyle
83.2%
Sister Helen Prejean
83.2%
Kay Miniver
82.4%
Min Divot
80%
Fanny Brice
79.2%
Leigh Ann Tuohy
78.4%
% Correct
Sally Bowles
77.6%
Madelon Claudet
77.2%
Maggie Fitzgerald
76.4%
Annie Sullivan
76%
Alice Hyatt
75.6%
Jeanette 'Jasmine' Francis
75.6%
Eleanor of Aquataine
74.8%
Viola de Lesseps
66.8%
Belinda McDonald
66%
Aurora Greenway
64.4%
Nina Sayers
64%
Tiffany Maxwell
62.8%
Princess Ann
62%
Hanna Schmitz
61.2%
Anna Koreff
60.8%
Loretta Castorini
60.8%
Martha
59.6%
Ethel Thayer
58%
O-Lan
57.2%
Carol Connelly
53.2%
Ada McGrath
52.8%
Leticia Musgrove
51.6%
Diana Christensen
49.6%
Bree Daniels
49.2%
Serafina Delle Rose
48.8%
Billie Dawn
46.4%
Margaret Schlegel
44.8%
Sarah Tobias
43.2%
Gudrun Brangwen
42.8%
Christina Drayton
41.6%
% Correct
Barbara Graham
40%
Cesira
39.6%
Ellie Andrews
39.2%
The Wife
36.8%
Anna Held
36.8%
Gloria Wandrous
36%
Julie Marsden
34%
Diana Scott
34%
Alma Brown
33.6%
Carrie Watts
33.6%
Sarah Norman
33.2%
Vicky Allessio
31.6%
Carly Marshall
31.6%
Georgie Elgin
30.8%
Catherine Sloper
30%
Paula Alquist Anton
29.6%
Edna Spalding
28.8%
Eva Lovelace
28%
Lina McLaidlaw
27.6%
Sally Hyde
27.2%
Katie Holstrom
26.4%
Lola Delaney
26.4%
Angela
26%
Alice Aisgill
26%
Josephine 'Jody' Norris
24.8%
Joyce Heath
24.4%
Jerry Miller
24%
Norma Besant
19.2%
Diane
16%
Quiz Playlist
Details
Report
Send in Message
Add To Playlist
Clickable:
Select answers by clicking on text or image buttons
Forced Order:
Answers have to be entered in order
Last Updated: Feb 16, 2017
Quiz Scoreboard
CHALLENGE
Sign Up to Join the Scoreboard
Show All
Scores
Hide
Comments
May contain spoilers
Recently Published
1-10 Letter E Words III
by El_Dandy
Language
2m
Street Fighter Characters
by Artimus82
Gaming
60s
College Basketball Coaching Resumes
by pancakes188
Sports
9m
More to Explore
Quiz From the Vault
Featured Blog Post
Where Did the Easter Bunny Come From?
hide this ad
You Might Also Like...
Tags
Oscar Quiz
Oscars 1927-1969
Oscars 1970-2008
Oscar Winners
Today's Top Quizzes in Movies
Browse Movies
hide this ad
Today's Top Quizzes in Oscar
Browse Oscar
Top Contributed Quizzes in Movies
1
Pick 5 Posters: Directed by Spielberg
2
7-to-1: Pixar Characters
3
Hidden Star Wars Character II
4
Hidden Star Wars Character III
5
Pick 5 Posters: Lowest-Rated Spielberg
6
Sorting Actresses
7
Sorting Actors
8
Hidden Star Wars Character IV
9
Hidden Star Wars Character V
10
Pick 5 Posters: Directed by Scorsese
Explore More
Trending Topics
NBA
Kpop
Marvel
Crossword
Disney
Harry Potter
Anime
The Office
Puzzle
NFL
Country
WWE
Song
Pokémon
Soccer
hide this ad
More By:
DanTravers
Quiz
Plays
Rating
Category
Featured
Created
NBC Sitcom Last Name Extravaganza!
17,196
4.45
Television
Oct 18, 2017
Every Oscar Winning Actor EVER
8,717
4.13
Movies
May 11, 2011
Emmy - Drama Supporting Actor
7,644
4.47
Television
Sep 14, 2010
The Academy Awards: Volume 7
4,276
4.64
Movies
Feb 4, 2010
The Academy Awards: Volume 6
3,975
4.67
Movies
Feb 4, 2010
Go to Creator's Profile
Score Distribution
Quiz Creator Spotlight
DanTravers
Follow
Send a Message
Quizzes Created
-
Created Quiz Play Count
-
More By This Creator
Popular Quizzes Today
1
Find the US States - No Outlines Minefield
2
Find the Countries of Europe - No Outlines Minefield
3
The Countries of the World
4
Find the US States
5
Risky Map Clicking: Biggest States A-Z
6
US States
7
Popular People in 1961
8
Movies - When Are They Set?
More Movies Quizzes
10 to 1: Mary Poppins Song Snippets
Editor's Pick
Trending Quizzes
Risky Map Clicking: Least Populous States A-Z
1-10 Letter G Words
USA Borders Longest to Shortest
1-10 Letter F Words
Countries of the World: 200 Million BC
Recently Updated
Leaping Animals
pecheneg
Reality TV Shows (A-Z)
bhenderson79
Rickey Henderson's Hall of Fame Teammates
pecheneg
Champions League XIs: Arsenal
pecheneg
Quick Pick: Celebrities in WWE's Hall of Fame
aduchscher
A-Z Keypad Blitz II
pecheneg
Multiple Oscar Actors
pecheneg
Mystery Phrase Blitz: Oscar 'Best Actors'
pecheneg
F. Scott Fitzgerald Novels
LTH
Pick 3 Villains
ddd62291
Trending Topics
Marvel
Harry Potter
Crossword
Kpop
Disney
NBA
Anime
Song
Country
NFL
WWE
Puzzle
Soccer
The Office
Pokémon
Your Account Isn't Verified!
In order to create a playlist on Sporcle, you need to verify the email address you used during registration. Go to your
Sporcle Settings
to finish the process.
Report this User
Report this user for behavior that violates our
Community Guidelines
.
Details:
Send Report
Go to the Sporcle.com Mobile Site →
Comments